000 00337nam a2200133Ia 4500
005 20251222143253.0
008 251222s9999||||xx |||||||||||||| ||spa||
020 _a88-526-0107-4
082 _a234.91/R27
100 _aRatrzinger, Joseph
245 0 _aLa Belleza la Chiesa
264 _bLibreria Editrice Vaticana e Itaca
942 _cLIB
999 _c15048
_d15048